000 00577nam a2200193Ia 4500
005 20250508161001.0
008 008 250505s9999 xx 000 0 eng d
020 _a0-13-634220-5
037 _aTextual
040 _aFEDL
_beng
_cFEDL
041 _aeng
_2eng
084 _a530.07, KUT
_qFEDL
100 _akutliroff David R
_9769929
245 0 _a101 classroom demonstrations and experiments for teaching physics
260 _aNew York, USA
_bParker Publishing Company
_c1975
300 _a228p.
942 _cTEXL
_h530.07, KUT
999 _c1367763
_d1367763